| 000 | 01622cam a2200265 4500 | ||
|---|---|---|---|
| 001 | L136576 | ||
| 008 | 070208n2007 000 0 eng u | ||
| 035 | _a(Sirsi) u136576 | ||
| 041 | 0 | _aeng | |
| 050 | 0 | 4 | _a711.1 $2 18 |
| 100 | 1 | _aStevenson, Fionn | |
| 245 | 0 | 0 |
_aSustainable housing design guide for Scotland _h[electronic resource] |
| 260 |
_aEdinburgh _bCommunities Scotland _c2007 |
||
| 505 | 2 | _aSummary of quick wins and strategic priorities -- Section one: sustainability and housing -- Section two: existing housing -- Section three: planning, place and people -- Section four: working with the site -- Section five: affordable warmth -- Section six: saving resources -- Section seven: making homes healthier -- Section eight: financial and management considerations -- Section nine: case studies lessons -- Section ten: case studies -- Selected reference material on sustainable housing design. | |
| 520 | _aOffers guidance on making Scotland's housing environmentally friendly. Focuses both on new build homes and on refurbishing the existing housing stock. The guide is aimed at housing developers and architects and includes examples of good practice. | ||
| 590 | _aKA | ||
| 650 | 2 | 4 |
_aAffordable housing _96215 |
| 651 | 4 |
_aScotland _y1999- |
|
| 690 | _aENVIRONMENTAL AND LAND CONSULTANCY-SUSTAINABILITY | ||
| 700 | 1 | _aWilliams, Nick | |
| 710 | 2 |
_aSustainable Development Commission _94213 |
|
| 710 | 2 |
_aCommunities Scotland _94256 |
|
| 856 | 4 | 0 |
_uhttps://www.scotland.gov.uk/Topics/Built-Environment/Housing/investment/shdg/ _zView the guide free of charge at www.scotland.gov.uk... |
| 942 | _n0 | ||
| 999 |
_c106439 _d106439 |
||